| 000 | 00994cam a22003013a 4500 | ||
|---|---|---|---|
| 001 | 27537 | ||
| 003 | PGUSA | ||
| 005 | 20140828083609.0 | ||
| 008 | 081215s2008||||xxu|||||s|||||000 1 eng d | ||
| 040 |
_aPGUSA _beng |
||
| 042 | _adc | ||
| 050 | 4 | _aPQ | |
| 100 | 1 |
_aFlaubert, Gustave, _d1821-1880 |
|
| 245 | 1 | 0 |
_aSentimental Education, Volume II : _bThe History of a Young Man _h[electronic resource] / _cGustave Flaubert |
| 260 |
_bProject Gutenberg, _c2008 |
||
| 506 | _aPublic domain in the USA. | ||
| 516 | _aElectronic text | ||
| 653 | _aFrance -- History -- February Revolution, 1848 -- Fiction | ||
| 653 | _aParis (France) -- Fiction | ||
| 653 | _aUnrequited love -- Fiction | ||
| 653 | _aParis (France) -- History -- June Days, 1848 -- Fiction | ||
| 653 | _aYoung men -- Fiction | ||
| 653 | _aMarried women -- Fiction | ||
| 740 | 0 | _aEducation sentimentale. English | |
| 830 | 0 |
_aProject Gutenberg _v27537 |
|
| 856 | 4 | 0 | _uhttp://www.gutenberg.org/ebooks/27537 |
| 942 | _cEB | ||
| 999 |
_c256792 _d256792 |
||